书目信息 |
| 题名: |
美丽中国建设之路
|
|
| 作者: | 周宏春 , 石磊 著 | |
| 分册: | ||
| 出版信息: | 西安 陕西师范大学出版总社 2024.06 |
|
| 页数: | 352页 | |
| 开本: | 24cm | |
| 丛书名: | ||
| 单 册: | ||
| 中图分类: | X321.2 | |
| 科图分类: | ||
| 主题词: | 生态环境建设--sheng tai huan jing jian she--研究--中国 | |
| 电子资源: | ||
| ISBN: | 978-7-5695-4321-6 | |
| 000 | 01372nam0 2200265 450 | |
| 001 | 95300 | |
| 005 | 20250902082416.54 | |
| 010 | @a978-7-5695-4321-6@dCNY88.00 | |
| 100 | @a20240801d2024 em y0chiy50 ea | |
| 101 | 0 | @achi |
| 102 | @aCN@b610000 | |
| 105 | @aak a 000yy | |
| 106 | @ar | |
| 200 | 1 | @a美丽中国建设之路@Amei li zhong guo jian she zhi lu@f周宏春, 石磊著 |
| 210 | @a西安@c陕西师范大学出版总社@d2024.06 | |
| 215 | @a352页@c图@d24cm | |
| 314 | @a周宏春, 国务院发展研究中心研究员, 原副巡视员国务院政府特殊津贴获得者。研究领域为资源环境经济学、循环经济、生态文明等。发表论文500余篇, 出版著作20余部。石磊, 南昌大学教授、资源与环境学院院长, 流域碳中和研究院院长。研究领域为产业生态学与流域碳中和研究等。发表论文100余篇, 荣获第一届华人产业生态学会学术创新奖。 | |
| 320 | @a有书目 (第345-350页) | |
| 330 | @a本书以经济、社会、文化等视野, 首先介绍生态文明建设为中国式现代化添加了靓丽底色。接着从提高资源利用效率、发展循环经济等方面分析绿色产业的转型、升级 ; 再接着介绍新时代十年以来我国生态文明建设和生态环境保护的成就及经验 ; 再次研究政策法规、绿色金融支持美丽中国建设等方面的内容 ; 最后提出美丽中国建设的展望。 | |
| 606 | 0 | @a生态环境建设@Asheng tai huan jing jian she@x研究@y中国 |
| 690 | @aX321.2@v5 | |
| 701 | 0 | @a周宏春@Azhou hong chun@4著 |
| 701 | 0 | @a石磊@Ashi lei@4著 |
| 801 | 0 | @aCN@c20250909 |
| 905 | @a河南城建学院图书馆@dX321.2@eZ760-2@f1 | |
| 美丽中国建设之路/周宏春, 石磊著.-西安:陕西师范大学出版总社,2024.06 |
| 352页:图;24cm |
| ISBN 978-7-5695-4321-6:CNY88.00 |
| 本书以经济、社会、文化等视野, 首先介绍生态文明建设为中国式现代化添加了靓丽底色。接着从提高资源利用效率、发展循环经济等方面分析绿色产业的转型、升级 ; 再接着介绍新时代十年以来我国生态文明建设和生态环境保护的成就及经验 ; 再次研究政策法规、绿色金融支持美丽中国建设等方面的内容 ; 最后提出美丽中国建设的展望。 |
| ● |
| 相关链接 |
|
|
|
正题名:美丽中国建设之路
索取号:X321.2/Z760-2
 
预约/预借
| 序号 | 登录号 | 条形码 | 馆藏地/架位号 | 状态 | 备注 |
| 1 | 1629358 | 216293589 | 自科库501/501自科库 66排1列3层/ [索取号:X321.2/Z760-2] | 在馆 |